[Event "Drammen Smartfish Masters"]
[Site "Drammen"]
[Date "2004.12.27"]
[Round "1"]
[White "Kortschnoj, Viktor Lvovich"]
[Black "McShane, Luke J"]
[Result "1/2-1/2"]
[WhiteElo "2601"]
[BlackElo "2629"]
[Annotator "Stohl,I"]
[PlyCount "96"]
[EventDate "2004.12.27"]
[EventType "tourn"]
[EventRounds "9"]
[EventCountry "NOR"]
[EventCategory "14"]
[SourceTitle "CBM 105"]
[Source "ChessBase"]
[SourceDate "2005.04.11"]
[SourceVersion "1"]
[SourceVersionDate "2005.04.11"]
[SourceQuality "1"]

1. d4 {Kortschnoj} Nf6 2. c4 g6 3. Nf3 Bg7 4. g3 O-O 5. Bg2 d6 6. O-O Nc6 7.
Nc3 Rb8 ({Another popular and topical alternative is} 7... a6 8. h3 Bd7 9. e4
e5 $132) 8. h3 a6 9. Be3 $5 {Korchnoi chooses an older line, which was popular
when McShane was still not born.} ({The main move, often played even nowadays,
is} 9. e4) 9... Bd7 (9... b5 10. Nd2 Na5 (10... Bd7 $142) 11. cxb5 axb5 12. b4
Nc4 13. Nxc4 bxc4 14. b5 $14 {was played in the 1970s and doesn't fully solve
Black's opening problems.}) 10. Rc1 b5 11. Nd2 {Kortschnoj: '37 years ago I
have invented this system against the in that time fashionable line of the
King's Indian and won several instructive games. Since then the opening has
developed drastically, but I did not care, still considering my system to be a
deadly weapon.'} (11. b3 {transposes into another recent Korchnoi game:} bxc4 (
11... e6 $5) (11... Na5 $132) 12. bxc4 Na5 13. Nd2 Qc8 14. Kh2 Rb4 15. a3 Rb2
16. Rb1 Qb8 17. Qc1 Rb6 18. Bg5 Qa7 19. e3 Rxb1 20. Qxb1 c5 21. Bxf6 exf6 22.
d5 (22. Nd5 $5) 22... f5 23. Qc2 Rb8 24. Bf3 Qc7 25. Be2 h5 26. h4 Qd8 27. Rb1
Rxb1 28. Ncxb1 Qe8 $11 {Kortschnoj,V-Acs,P/Paks/2004/}) 11... e6 $1 {The most
flexible move, Black's Nc6 instead of a5 aims for f5 via e7. Kortschnoj: 'This
was a novelty, introduced about 15 years ago.'} ({Kortschnoj: After} 11... e5
12. dxe5 {Kortschnoj: 'previously played, White had a clear edge'} Nxe5 13. c5
d5 14. Bf4 $5 (14. Bg5 c6 15. e4 d4 16. Ne2 $13) 14... Re8 15. Nb3 c6 16. Nd4
$14) 12. d5 $5 ({More circumspect is the immediate} 12. b3 Ne7 13. Bg5 {
, but here White can't hope for any advantage:} (13. Nf3 Bc6 14. Bg5 b4 15. Nb1
Ba8 16. Nbd2 h6 17. Bxf6 Bxf6 18. e3 c5 19. Qc2 Qc7 20. Qd3 Bg7 21. Ne1 cxd4 $1
22. exd4 d5 $1 $36 {Lagunow,A-Khalifman,A/Bad Woerishofen/1996/}) (13. f4 $6
Nf5 14. Bf2 Nh5 $1 15. Nde4 b4 16. e3 bxc3 17. g4 Nxd4 18. gxh5 Nf5 19. Nxc3 e5
$1 $40 {Spassov,L-Kovalev,A/Porz/1990/}) 13... b4 (13... h6 $5 14. Bxf6 Bxf6
15. e3 Bg7 $13) 14. Na4 h6 15. Bxf6 Bxf6 16. e3 Bg7 17. Nb2 c5 18. Nf3 Bc6 19.
Na4 Qc7 20. dxc5 dxc5 21. Nd2 Bxa4 22. bxa4 Rfd8 23. Qc2 Nc6 24. Nb3 Na5 $11 {
1/2,Nogueiras,J-Khalifman,A/WChT Luzern/1997/}) ({Kortschnoj: After the game I
looked into the "database* and learned with amazement, that after} 12. cxb5
axb5 13. Nde4 {Kortschnoj: 'White achieved an overwhelming success! As to me...
somehow I had not considered taking on b5 too attractive.'} Nxe4 14. Nxe4 Ne7
15. f4 Bc6 16. Bf2 Bd5 17. Qc2 c6 18. e3 Qd7 19. Nd2 Bxg2 20. Kxg2 f5 21. e4
fxe4 22. Qxe4 Nd5 23. Nf3 Rfe8 $15 {Kuljasevic,D-Bosiocic,M/Oslo/2004/}) 12...
Ne7 13. b3 (13. dxe6 $142 Bxe6 (13... fxe6 $5 {[%csl Gd6,Ge6] [+],/\} 14. Ba7
Ra8 $1 15. Bxa8 Qxa8 $44) 14. b3 $13 (14. cxb5 axb5 $15)) 13... exd5 {
Kortschnoj: 'There were several other possibilities for Black. '} (13... Nf5 $5
14. Bg5 ({A promising exchange sacrifice is} 14. Ba7 Ra8 $1 (14... b4 15. Nce4
Nxe4 16. Bxe4 Rb7 17. dxe6 Rxa7 18. exd7 Qxd7 $11) 15. dxe6 Bxe6 16. Bxa8 Qxa8
17. e4 Nxg3 (17... Qxa7 18. exf5 Bxf5 $44) 18. fxg3 Qxa7+ $44) 14... h6 {
is also comfortable for Black:} 15. Bxf6 Bxf6 16. c5 $2 (16. Nde4 $142) (16.
dxe6 {Kortschnoj} Bxe6 {threatening Nb4 White stands better.} ({or} 16... fxe6
17. c5 dxc5 (17... d5 18. e4 $14) 18. Nce4 $14)) 16... dxc5 17. Nce4 exd5 18.
Nxf6+ Qxf6 19. Bxd5 Nxg3 $1 20. fxg3 Qd4+ $19 {Robert,A-Jenni,F/Biel/2001/}) ({
More in the spirit of the King's Indian is} 13... e5 {Kortschnoj} 14. Bg5 (14.
Nf3 Nh5 $13)) 14. Nxd5 $8 (14. cxd5 $2 b4 $17) 14... Nfxd5 15. cxd5 Nf5 16. Bf4
g5 17. e4 $8 $13 {Black exchanges White's important dark-squared B, but on the
other hand his >> becomes weak and also ><c7 is more vulnerable.} gxf4 (17...
Nh6 $2 {Kortschnoj} 18. Be3 f5 19. Nf3 f4 20. gxf4 gxf4 21. Bd4 $16) 18. exf5
Bxf5 19. Qf3 {[%csl Rc7,Rf4,Rg8] '+/=' Kortschnoj.} Qg5 $146 {[%mdl 8]
Kortschnoj: 'From move 13 all moves - White's and Black's - were forced. Now
Black has a choice: '} (19... Be5 $5 20. gxf4 Bg7 (20... Bb2 {Kortschnoj} 21.
Rce1 $14) 21. Rc6 Bd7 (21... Rb6 $5 $11) 22. Rc2 (22. Rxa6 $142 $5 b4 23. a4
$14 {S.Novikov}) 22... f5 23. Rfc1 Rc8 24. Nf1 Bd4 25. Ng3 Bb6 26. Kh2 $13 {
Novikov,S-Zhigalko,A/WChJ Peniscola/2002/}) (19... Bh6 20. Qh5 Qg5 21. Qxg5+
Bxg5 22. Nf3 Bd8 23. Nd4 $44) ({or} 19... Qf6 {Kortschnoj} 20. Rxc7 $14) 20.
gxf4 Qf6 21. Rfe1 {'!' Kortschnoj. Kortschnoj: 'An idea for White is to create
pressure upon the black king by putting his knight to h5!'} (21. Rxc7 Rfe8 $1
$44 {[%cal Yf6b2] /\Qb2} (21... Qb2 $6 22. Ne4 Bxe4 23. Qxe4 Qxa2 24. Qf5 $40))
21... Rbe8 22. Nf1 Kh8 {'?!' Kortschnoj.} (22... Rxe1 {Kortschnoj} 23. Rxe1 Qc3
$1 {was called for.}) 23. Ng3 Bh6 (23... Rxe1+ 24. Rxe1 Rg8 $5 25. Nxf5 Qxf5
26. Re7 Be5 $11 {[%csl Ge5,Rg2] /=/+^-}) 24. Rxe8 Rxe8 25. Rxc7 {'+/-'
Kortschnoj.} Bb1 $1 {Now this is Black's best chance for <=>. Kortschnoj:
'This move should not be considered to be dangerous - for a long time this
bishop will be out of his duties to protect the king side.'} 26. f5 {Perhaps
not ideal.} (26. Nh5 $5 {'?!' Kortschnoj.} Qa1 (26... Qd4 {Kortschnoj} 27. Rxf7
$4 Bg6 28. Rc7 Bxh5 29. Qxh5 Qa1+ $19 30. Kh2 Bxf4#) 27. Kh2 $14) (26. Qh5 Rf8
$5 (26... Qxf4 27. Qxf7 (27. Rxf7 $2 Qc1+ 28. Kh2 Bg6 $17) 27... Qxf7 28. Rxf7
Bxa2 29. Be4 $14) 27. Be4 Bxa2 28. Bc2 a5 $13) 26... Bxa2 27. Qd1 (27. Ne4 Qa1+
28. Kh2 Qe5+ 29. Ng3 $11 {would probably end in a draw by repetition, Korchnoi
still has higher ambitions.}) 27... Rf8 {Kortschnoj: 'A difficult decision,
but otherwise threats Ne4 and/or Qe4 were extremely unpleasant.'} 28. Ne4 {
'?' Kortschnoj. Kortschnoj: 'Obstinacy is a feature of a character, which is
hardly to be called a virtue. Black protected himself against Ne4, so White
had to look for another move - Ra7 or Rc6. '} ({After} 28. Ra7 $1 {Kortschnoj}
Qc3 29. Qh5 Qc1+ 30. Kh2 Bxb3 31. Rxf7 Rg8 32. Re7 $1 {threatening Qf7 Black
would have a hard time.}) 28... Qe5 29. Rc6 $6 (29. f6 $142 Qb2 $132 (29... Rg8
$2 30. Re7 $16)) (29. Nc3 $4 {Kortschnoj} Bxb3 30. Qxb3 Qe1+ $19) 29... Rg8 ({
Livelier and seemingly more promising was} 29... Qb2 $5 30. Nxd6 (30. b4 Bb3
31. Qd3 Bc4 32. Qd1 Rg8 $40 {/\} 33. Nxd6 $2 Qg7 34. Qf3 Bxd5 $1 35. Qxd5 Qa1+
36. Kh2 Bf4#) (30. Rc3 Bf4 $36) 30... Bxb3 $15) 30. Nxd6 Qg7 31. Qf3 Bf4 $1 {
[%cal Rg7a1] /\Qa1 '?' Kortschnoj. Kortschnoj: 'Being in severe time-trouble
black misses the best continuation:'} (31... Bxb3 32. Rxa6 $14 (32. Nxf7+ {
Kortschnoj} Qxf7 33. Qxb3 Qg7 34. Qf3 Bf4 35. Kf1 Qa1+ $15)) ({but not} 31...
Qa1+ {Kortschnoj} 32. Kh2 Qe5+ 33. Qg3 $16) 32. Nxf7+ $8 {Although this wins
material, Black has enough play to hold the game.} Qxf7 33. Qxf4 Qg7 (33...
Qxd5 {Kortschnoj} 34. Rg6 $1 $16) 34. Qe4 (34. Qf3 Qa1+ 35. Kh2 Qe5+ $11) 34...
Bxb3 35. Rxa6 (35. f6 $4 Qxg2+ 36. Qxg2 Rxg2+ 37. Kxg2 Bxd5+ $19) (35. d6 $5 {
Kortschnoj} Qxg2+ 36. Qxg2 Rxg2+ 37. Kf1 $1 Bc4+ (37... Rg7 $2 38. Rc8+ Bg8 39.
Rf8 $18) 38. Rxc4 Rg8 39. Rc6 Kg7 $11) 35... Bc2 36. Qf3 (36. f6 {Kortschnoj}
Qxf6 37. Qxh7+ Kxh7 38. Rxf6 Be4 39. f3 Bxd5 $14) 36... Bxf5 $44 37. d6 (37.
Kh1 b4 38. d6 b3 39. Ra8 Bc8 $1 40. Qg3 Qxg3 41. fxg3 Be6 42. Rxg8+ Kxg8 43. d7
Bxd7 44. Bd5+ Kg7 45. Bxb3 Bxh3 $11) 37... Qe5 $1 {[%cal Rf5e4] /\Be4} (37...
b4 $143 38. Ra8 Bc8 39. Qd5 $14 {/\} b3 40. d7 Qxd7 41. Qxb3) 38. Ra8 {More or
less forced, but it leads to a drawn _|_.} Qe1+ 39. Kh2 Qe5+ 40. Qg3 Qxg3+ 41.
fxg3 Rxa8 42. Bxa8 Bd7 $8 {'+/=' Kortschnoj.} (42... b4 $2 43. Bc6 b3 44. d7
$18) (42... Kg7 $2 43. Bc6 $18) 43. g4 Kg7 44. Kg3 Kf6 45. Kf4 (45. Be4 h6 $11)
45... Ke6 46. Kg5 Kxd6 47. Be4 b4 48. Bxh7 Ke5 $1 (48... Ke5 49. Bc2 (49. h4
Bxg4 50. Kxg4 Kf6 $11) (49. Bb1 b3 {[%cal Rd7c6,Rc6e4] /\Bc6-e4} 50. h4 Bxg4
51. Kxg4 Kf6 $11) 49... Be6 50. Kh6 Kf4 $11) 1/2-1/2

[Event "FIDE-Wch k.o."]
[Site "New Delhi/Teheran"]
[Date "2000.12.05"]
[Round "3.3"]
[White "Tkachiev, Vladislav"]
[Black "Kasimdzhanov, Rustam"]
[Result "1/2-1/2"]
[WhiteElo "2657"]
[BlackElo "2690"]
[Annotator "Stohl,I"]
[PlyCount "125"]
[EventDate "2000.11.27"]
[EventType "k.o."]
[EventRounds "7"]
[EventCountry "IND"]
[SourceTitle "CBM 081"]
[Source "ChessBase"]
[SourceDate "2001.03.20"]
[SourceVersion "1"]
[SourceVersionDate "2001.03.20"]
[SourceQuality "1"]

1. d4 Nf6 2. c4 g6 3. g3 Bg7 4. Bg2 O-O 5. Nc3 d6 6. Nf3 Nc6 7. O-O a6 8. Qd3 (
8. Bd2 e5 9. d5 Nd4 10. Ne1 Re8 11. e3 Nf5 12. Nc2 Bd7 13. e4 Nd4 14. Bg5 Qc8
15. f3 c5 16. dxc6 Bxc6 17. Be3 Nxc2 18. Qxc2 b5 19. Rfd1 Bf8 20. Bf1 Qb7 21.
Rac1 Rec8 22. Qd2 b4 23. Nd5 Nxd5 24. cxd5 Bd7 25. Rxc8 Rxc8 26. Rc1 a5 $11 {
Espig,L-Dochev,D/Pardubice op/2000/}) 8... Nb4 $5 ({Boleslavsky's old
recommendation} 8... Bf5 9. e4 Bg4 10. d5 Bxf3 11. Qxf3 Nd4 12. Qd1 c5 13. dxc6
Nxc6 {gives White a pleasant position after} 14. Bd2 $1 Nd7 15. Rc1 Nde5 16. b3
b5 17. cxb5 axb5 18. Be3 Nb4 19. a4 bxa4 20. Nxa4 Rb8 21. Qe2 Qa5 22. f4 Ned3
23. Rcd1 $14 {Wojtkiewicz,A-Perelshteyn,M/Katowice/1992/}) ({An interesting
alternative is} 8... Nd7 $5 9. Bg5 h6 10. Be3 Rb8 11. Rac1 (11. Qd2 $142 $5 Kh7
12. d5) 11... e6 $1 12. b3 Ne7 13. Bd2 b5 14. e4 bxc4 15. Qxc4 Bb7 16. Be3 Nf6
17. Rfd1 Nxe4 18. Nxe4 Bxe4 19. Qxc7 Qxc7 20. Rxc7 Nd5 21. Rc4 Nb4 22. Bd2 a5
$17 {Konopka,M-Blehm,P/Budapest zt/2000/}) ({Black has lately had some
problems with the typical} 8... e5 9. dxe5 dxe5 10. Qxd8 Rxd8 11. Bg5 {White's
advantage in the _|_ is small, but durable.} Re8 $142 $5 (11... Be6 12. Nd2 h6
(12... Nd4 13. Rfd1 c6 14. e3 Nc2 15. Rab1 Nb4 {Psakhis,L-Babula,V/EU-chT
Batumi/1999/} 16. a3 Nd3 17. Nde4 Nxe4 18. Bxe4 f6 19. Bxf6 $16) 13. Bxf6 Bxf6
(13... Rxd2 14. Bxg7 Kxg7 15. b3 Rad8 16. Bxc6 bxc6 17. Rfd1 f5 18. Rxd2 Rxd2
19. Rc1 Kf7 20. Kf1 Ke7 21. Ke1 Rd6 22. Na4 g5 23. Nc5 Bc8 24. Rc3 $14 {
[%csl Ra6,Rc6,Rc7,Rc8] /+/-,Ehlvest,J-Barcenilla,R/San Francisco op/2000/
Black's B and P are poor and he has no effective <=>.}) 14. Nde4 Be7 15. Nd5 $1
Bxd5 16. cxd5 Nb4 17. Nc3 c6 18. dxc6 Nxc6 19. Nd5 $1 Bf8 20. Nb6 Rab8 21. Bxc6
bxc6 22. Nc4 $14 {Dautov,R-Milov,V/Essen/2000/}) 12. Nd5 (12. Rfd1 h6 13. Bxf6
Bxf6 14. Nd2 Nd4 15. Nde4 Bd8 16. Nc5 Rb8 17. e3 Ne6 18. Nd7 Bxd7 19. Rxd7 Nc5
20. Rd2 a5 21. Rd5 Be7 22. Ne4 Nxe4 23. Bxe4 b6 24. Kg2 $11 {1/2,Zugic,
I-Babula,V/Istanbul olm/2000/}) 12... Nxd5 13. cxd5 Nd4 (13... Nb4 $142 14. e4
f5 $132) 14. Nxd4 exd4 15. Rac1 Be5 16. Rfd1 Bg4 17. f3 Bd7 18. f4 Bd6 19. Bf3
Bb5 20. Kf2 Kg7 21. Rxd4 h6 22. Bh4 b6 23. e4 f6 $2 24. Bxf6+ $1 $16 {Chabanon,
J-Touzane,O/Montauban/2000/}) 9. Qd1 {Now Black can repeat moves.} ({More
testing is} 9. Qb1 Rb8 10. d5 a5 11. h3 e5 (11... c6 $5 $132 {/\} 12. a3 Na6
13. dxc6 bxc6 14. Nd4 Bd7 15. Nxc6 Bxc6 16. Bxc6 Qc8 $36) 12. e4 Ne8 13. a3 Na6
14. Ne1 f5 15. Nd3 Nf6 16. Kh2 Nxe4 17. Nxe4 fxe4 18. Bxe4 Bf5 19. Bxf5 Rxf5 $6
(19... gxf5 $13) 20. Be3 Qe7 21. Qc2 c5 22. Rae1 Qd7 23. Kg2 $14 {Spassov,
L-Schaller,S/Schwaebisch Gmuend op/1994/}) 9... Nc6 10. Bd2 e5 ({Another
possible way to deal with White's rather insipid development is} 10... Rb8 11.
Rc1 e5 12. dxe5 dxe5 13. Bg5 h6 14. Qxd8 $6 (14. Bxf6 $142 Bxf6 15. Qa4 Nd4 $11
) 14... Rxd8 15. Bxf6 Bxf6 16. Nd5 Bg7 17. Rfd1 Be6 18. Nd2 Rbc8 19. Ne4 Bf8
20. Kf1 Kg7 21. Nec3 Nb8 $1 22. h3 Nd7 23. Rc2 c6 $15 {_|_^^, Tregubov,
P-Markowski,T/EU-ch Saint Vincent/ 2000/}) 11. dxe5 (11. d5 Nd4 $1 {-8.Bd2})
11... dxe5 12. Bg5 Be6 13. Qa4 ({Less ambitious is} 13. Nd5 Bxd5 14. cxd5 Qxd5
15. Qxd5 Nxd5 16. Nxe5 Nxe5 17. Bxd5 c6 18. Bb3 a5 19. Rad1 a4 20. Bc2 Rfe8 21.
b3 axb3 22. Bxb3 b5 23. Rc1 Nc4 24. Bxc4 bxc4 25. Rxc4 Rxe2 $11 {Ribli,
Z-Babula,V/Bundesliga 0001/2001/}) 13... h6 14. Rfd1 Qb8 $5 $146 {[%mdl 8]
Black's main task is to find a safe place for his Q, where it would be
invulnerable from attacks. In this game he solves it originally by placing it
temporarily on a7.} (14... Qe7 15. Nd5 Bxd5 16. Bxf6 Bxf6 17. cxd5 Nd4 18. Nxd4
exd4 19. Bf3 Be5 20. Rd3 f5 $6 21. Qb3 Qd6 22. Rc1 Kh8 23. Qxb7 Rab8 24. Qc6
Rxb2 25. Qa4 Rb6 26. Rb3 $36 {Kiss,A-Zimmerman,Y/HUN-chT/1998/}) 15. Bxf6 Bxf6
16. Nd2 ({It would be more difficult for Black to realize his plan after} 16.
Nd5 Bg7 17. Nd2 Bg4 $5 18. Re1 Rd8 19. Ne4 Kh8 20. e3 Bf8 {[%cal Yg4e6,Yd8d7,
Yb8a7,Ya8d8] /\Be6,Rd7,Qa7,Rad8=} (20... b5 $5 $132)) 16... Bg7 17. Nde4 Qa7 $1
18. Nd5 Rac8 19. b4 {[%cal Rb4b5,Rd5e7] /\b5,Ne7+-} Kh8 20. e3 f5 $5 (20...
Rfd8 $11) 21. Nc5 Bg8 (21... Bf7 $142) 22. Rac1 (22. Nxb7 Qxb7 23. Ne7 e4 24.
Nxg6+ Kh7 25. Nxf8+ Rxf8 26. Rac1 Ne5 $13) ({White's B will stay buried in-} 
22. e4 $6 f4 $1 $36) 22... e4 23. Nf4 Bf7 $11 24. Nce6 (24. f3 $143 $6 g5 (
24... Ne5 $6 25. fxe4 Nxc4 26. exf5 Nb2 27. Qd7 $16) 25. Nd5 exf3 26. Bxf3 Ne5
$17) 24... Bxe6 25. Nxe6 Rf7 26. c5 Re8 27. Qb3 Ne5 (27... Bf6 $6 28. Nd8 $1
Rfe7 29. Nxc6 bxc6 30. Rd2 $36 {[%csl Ra6,Rc6,Rc7][%cal Gd1d8] <->d,ק}) 28.
Nxg7 Kxg7 29. Qc3 Qb8 {Black's Q again returns to the [+] and the position
stays balanced.} 30. Rd5 Rfe7 31. Rcd1 Qc8 32. Bf1 Qe6 33. Be2 Qf6 34. Kg2 Kh7
(34... g5 35. a4 f4 $6 36. exf4 gxf4 37. gxf4 Qxf4 38. Qg3+ $14 {_|_}) (34...
Nf7 $11) 35. Rd8 (35. a4 $142 {promises White more chances to fight for an
edge, exchanging an active R only helps Black.}) 35... Kg7 36. Rxe8 Rxe8 37.
Rd5 Re7 38. a4 g5 39. b5 axb5 40. axb5 c6 $5 {Makes the Pc5 a potential target.
} 41. bxc6 (41. Rd6 Re6 42. Rxe6 Qxe6 43. Qd4 Kf6 44. Qd8+ Qe7 45. Qh8+ Qg7 $11
) 41... bxc6 42. Rd6 Re6 43. Rd4 Kg6 44. Qd2 $2 $138 (44. Bc4 $142 Nxc4 $8 45.
Qxc4 $11 {/+/= Black's centralized N is the stronger minor piece.}) 44... Qe7 {
[%csl Rc5]} 45. Qc2 Nd7 46. Bc4 (46. g4 Nxc5 47. gxf5+ Kxf5 48. Rc4 Re5 $15)
46... Rf6 47. Qd1 Ne5 $138 (47... Nxc5 $142) 48. Qc2 Nd7 49. Qd1 Nxc5 50. Rd8
Nd3 $1 51. Rg8+ Kh7 52. Rb8 Rd6 53. Qb3 (53. Qh5 $5 Ne1+ 54. Kf1 Nf3 55. Kg2
$15 {/\ With his vulnerable K it's not easy for Black to make progress.} Rd1 $4
56. Rh8+ $1 Kxh8 57. Qxh6+ Qh7 58. Qf8+ $18) 53... Ne1+ 54. Kh1 Nf3 55. Rb7
Rd1+ {The exchange of R helps Black.} 56. Qxd1 Qxb7 57. Be6 Kg6 58. Kg2 Qe7 59.
Ba2 Ne5 60. Qb3 Qe8 (60... Kf6 $15 {/-/+ However in mutual time-trouble the
rapid playoff game ends quickly in repetition.}) 61. Qc3 Qe7 (61... Nd3 $142 $5
) 62. Qb3 Qe8 63. Qc3 1/2-1/2

[Event "Sofia MTel Masters 3rd"]
[Site "Sofia"]
[Date "2007.05.13"]
[Round "4"]
[White "Sasikiran, Krishnan"]
[Black "Topalov, Veselin"]
[Result "0-1"]
[WhiteElo "2690"]
[BlackElo "2772"]
[Annotator "Krasenkow,M"]
[PlyCount "66"]
[EventDate "2007.05.10"]
[EventType "tourn"]
[EventRounds "10"]
[EventCountry "BUL"]
[EventCategory "19"]
[SourceTitle "CBM 118"]
[Source "ChessBase"]
[SourceDate "2007.05.31"]
[SourceVersion "1"]
[SourceVersionDate "2007.05.31"]
[SourceQuality "1"]

1. d4 Nf6 2. Nf3 g6 3. c4 Bg7 4. Nc3 O-O 5. e4 d6 6. Be2 e5 7. Be3 Ng4 8. Bg5
f6 9. Bh4 g5 10. Bg3 Nh6 11. d5 Nd7 12. h3 $6 {Quite a pretentious way to
avoid the main line} (12. Nd2 f5 13. exf5 Nf6 14. Nde4 Nxe4 15. Nxe4 Bxf5 16.
Bd3 g4 {etc.}) 12... f5 13. exf5 (13. Nd2 {makes little sense now. However,
there has been a practical example:} Nf6 14. Qc2 (14. f3 Nh5) 14... c6 15. a4
cxd5 16. cxd5 fxe4 17. Ndxe4 Nxe4 18. Qxe4 (18. Nxe4 Nf5 {[%cal Yf5d4]}) 18...
Qb6 19. O-O Nf5 20. Bd3 Bd7 21. b4 Rac8 22. Ne2 a5 23. bxa5 Qxa5 24. f3 Rf6 {
0-1 Gustafsson,J-Solleveld,M/Enschede 2003/CBM 094 ext (47)}) (13. Bh2 $5 Nc5
14. Nd2 {K.Sakaev} a5 $13) 13... Nc5 (13... Nxf5 {is possible, too:} 14. Ne4
Nc5 $1 (14... h6 $143 15. O-O (15. Bd3 $5) 15... Nf6 16. Nfd2 Nd4 17. Bd3 c6
18. Re1 cxd5 19. Nxf6+ Qxf6 20. cxd5 Bd7 21. Rc1 Rac8 22. Rxc8 Rxc8 23. Ne4 Qg6
24. f3 $14 {1/2-1/2 Horvath,J-Hazai,L/Hungary 2003/EXT 2004 (49)}) 15. Bd3 (15.
Nfxg5 $6 Nxg3 16. fxg3 Bf5 $36) (15. Nxc5 Nxg3 16. fxg3 dxc5 $36) 15... Nxd3+
16. Qxd3 h6 $11 {K.Sakaev}) 14. Nd2 $6 {This is quite illogical as one of the
ideas of 12.h3 is to keep this knight on f3.} (14. b4 $2 {doesn't work due to}
e4 $1) (14. Qd2 {is the most natural move but Black did fine in the following
game:} Nxf5 15. Nxg5 Bh6 16. h4 Nxg3 17. fxg3 a5 (17... Bf5 $5 18. O-O a5 {
I_A.Nataf}) 18. g4 Qe7 19. O-O-O Bd7 $6 (19... Rf7 $1 {[%cal Yf7g7] I_A.Nataf})
20. Rhf1 $1 Rxf1 21. Rxf1 Rf8 22. Rxf8+ Qxf8 23. Qe3 Qe7 $44 {[%cal Yd7e8,
Ye8g6] 1/2-1/2 Akesson,R-Nataf,I/Stockholm 84/477 2001/Inf 84/[Nataf,I.-A] (32)
}) 14... Bxf5 (14... Nxf5 {is quite good, too.}) 15. O-O (15. f3 e4 $1 $40 {
I_A.Nataf}) 15... e4 16. Nb3 b6 $1 $146 {[%mdl 8]} (16... Nxb3 $143 17. Qxb3
Bg6 18. Rae1 Re8 19. Qxb7 Nf5 20. Bg4 Rb8 21. Qa6 Rxb2 (21... Nxg3 $5 22. fxg3
Rxb2 23. Nb5 $13) 22. Bxf5 Bxf5 23. Nd1 Rb6 24. Qxa7 Bd4 25. Ne3 Bd7 26. Qa5
Qf6 27. Rb1 h5 28. Rxb6 Bxb6 29. Qd2 Rf8 $44 {1-0 Onischuk,A-Smirin,I/Russia
87/481 2003/Inf 87/[Onischuk,Al] (41)}) 17. Nd4 Qf6 18. Nc6 a5 (18... Bd7 {
[%cal Yh6f5] was probably even more appropriate. If} 19. f4 $6 (19. Nb5 $6 {
doesn't work in view of} a6 $1 20. Nxc7 (20. Nbd4 Bxc6 21. Nxc6 Qxb2) 20...
Rac8) {then anyway} 19... Nf5 20. fxg5 Qxg5 21. Bf4 Qh4 $17) 19. f4 $6 {
[%csl Ge4] After this "active" move Black's e4 pawn becomes extremely
dangerous.} (19. Nb5 {[%cal Yb5d4] was now the best way to make use of Black's
inaccuracy:} Rac8 (19... Qxb2 $6 20. Nxc7) 20. Nbd4 Bd7 21. Rb1 Nf5 22. Nxf5
Bxf5 23. Qd2 $15) 19... Bd7 $1 20. Nb5 {Better late than never?} (20. fxg5 Qxg5
$17) (20. Qd2 $5 gxf4 (20... Bxc6 21. fxg5 $1 Qd4+ 22. Qxd4 Bxd4+ 23. Kh2 Nf7
24. dxc6 Bxc3 25. bxc3 Nxg5 $15) 21. Bxf4 Bxc6 22. Be3 $1 (22. dxc6 Qd4+ 23.
Qxd4 Bxd4+ 24. Kh2 Bxc3 25. bxc3 Nf5 $17) 22... Nf5 23. dxc6 Qe5 24. Rad1 $1
$15) 20... Bxc6 21. dxc6 Qxb2 22. Rb1 Qxa2 23. Nxc7 (23. Bf2 $5 {(an extremely
difficult move for a human being)} Rac8 $1 (23... Nf5 24. g4 $1) (23... gxf4
24. Nxc7) (23... Rxf4 24. Nxc7 Raf8 $13) 24. fxg5 Nf5 $17) 23... Nf5 $1 24. Bf2
$2 {Now this leads to a lost position. Krishnan Sasikiran has bad luck with
good moves in this game: he makes them too late!} (24. Nxa8 $142 Nxg3 25. Re1 {
, e.g.} Rxa8 26. c7 Nxe2+ 27. Rxe2 Qxc4 28. Rxb6 Na6 $1 29. Rxd6 Nxc7 30. Rc2
Bc3 31. fxg5 (31. Rd8+ $143 Rxd8 32. Qxd8+ Kf7 33. Qd7+ Kf8 34. Qf5+ Ke8) 31...
Rf8 {Black is better, of course, but the position remains extremely tense.})
24... e3 $1 25. Be1 (25. Nxa8 exf2+ 26. Rxf2 Bd4 $19 {[%cal Rc5e4]}) (25. Qd5+
Kh8 26. Bd3 $5 exf2+ 27. Rxf2 Bd4 28. Qxd4+ Nxd4 29. Rxa2 Rac8 30. Nd5 Nxd3 31.
Rd1 Nb3 $1 $19) (25. Bf3 Rac8 ({or} 25... exf2+ 26. Rxf2 Bd4 27. Bd5+ Rf7 $1
28. Bxf7+ Kf8 $1 29. Qxd4 Qxb1+ 30. Rf1 Nxd4 31. Rxb1 Rc8 $1 $19) 26. Nb5 gxf4
$19 27. Be1 $140 e2 $1 28. Bxe2 Ne3) 25... Nd4 $1 26. Nxa8 Nxe2+ 27. Kh2 Nxf4
28. Rxf4 gxf4 29. Rxb6 f3 30. Qd5+ Ne6 $5 31. Qxe6+ Kh8 32. Qg4 Be5+ 33. Kh1 f2
(33... fxg2+ $5 34. Qxg2 Rf1+ 35. Qxf1 Qh2#) 0-1